000
00287nam a2200109Ia 4500
008
220204s9999 xx 000 0 und d
082
_a
621.316(035)
_b
SME
245
0
_a
Switchgear and control handbook
260
_a
New York
_b
McGraw Hill
_c
1977
700
_a
Smeaton, Robert W
942
_c
BK
999
_c
25456
_d
25456